| 000 | 01748nam a22003854a 4500 | ||
|---|---|---|---|
| 001 | ebr10211415 | ||
| 003 | CaPaEBR | ||
| 006 | m u | ||
| 007 | cr cn||||||||| | ||
| 008 | 060206s2006 enka sb 001 0 eng | ||
| 010 | _z 2006003905 | ||
| 015 |
_aGBA627888 _2bnb |
||
| 016 | 7 |
_z013415131 _2Uk |
|
| 020 | _z0754638138 (alk. paper) | ||
| 020 | _z9780754638131 (alk. paper) | ||
| 020 | _z9780754638131 | ||
| 040 |
_aCaPaEBR _cCaPaEBR |
||
| 035 | _a(OCoLC)290512199 | ||
| 050 | 1 | 4 |
_aNA4140 _b.E45 2006eb |
| 082 | 0 | 4 |
_a721/.04496 _222 |
| 100 | 1 | _aElkadi, Hisham. | |
| 245 | 1 | 0 |
_aCultures of glass architecture _h[electronic resource] / _cHisham Elkadi. |
| 260 |
_aAldershot, England ; _aBurlington, VT : _bAshgate, _cc2006. |
||
| 300 |
_axiv, 103 p. : _bill. |
||
| 490 | 1 | _aDesign and the built environment series | |
| 504 | _aIncludes bibliographical references (p. [93]-100) and index. | ||
| 505 | 0 | _aGlassworks: the history of glass and its architectural identity -- Green glass: environmental perspectives on using glass in architecture -- Glazed spaces: constructing place identity -- Shattered glass: structures of power -- Seeing through glass: a technical review -- A glazed future: rethinking identity. | |
| 533 |
_aElectronic reproduction. _bPalo Alto, Calif. : _cebrary, _d2013. _nAvailable via World Wide Web. _nAccess may be limited to ebrary affiliated libraries. |
||
| 650 | 0 | _aGlass construction. | |
| 650 | 0 | _aArchitecture and globalization. | |
| 655 | 7 |
_aElectronic books. _2local |
|
| 710 | 2 | _aebrary, Inc. | |
| 830 | 0 | _aDesign and the built environment series. | |
| 856 | 4 | 0 |
_uhttp://site.ebrary.com/lib/rucke/Doc?id=10211415 _zAn electronic book accessible through the World Wide Web; click to view |
| 999 |
_c228880 _d228880 |
||